000 00840nam0a22002531 4500
001 rc\3036956
005 20250810061810.0
035 _a(NLR Aleph) 007177521
090 _a7408176
_c7408176
100 _a20111004d1945 u y0rusy50 ca
101 0 _arus
102 _aRU
105 _aa z |||||
200 1 _aЗа высокие урожаи зерна
_fР.В. Томашевский, канд. с.-х. наук
210 _aТашкент
_cГосиздат УзССР
_d1945
215 _a57, [3] с.
_cтабл.
_d19 см
700 1 _aТомашевский
_bР.В.
_gРомдальт Владимирович
801 0 _aRU
_bNLR
_gpsbo
801 1 _aRU
_bELAR
_2rusmarc
852 _aNLR
_bС
_j50 Г-4/532
942 _cBOOK
945 _aРоссийская национальная библиотека
980 _aNB
980 _aBV